Memorias diarios y crónicas / (Record no. 8298)

000 -CABECERA
fixed length control field 00994nam a22002537a 4500
003 - IDENTIFICADOR DEL NÚMERO DE CONTROL
control field AR-CdUCM
008 - DATOS DE LONGITUD FIJA--INFORMACIÓN GENERAL
fixed length control field 190321b ||||| |||| 00| 0 spa d
040 ## - FUENTE DE LA CATALOGACIÓN
Agencia/entidad que catalogó originalmente la obra MUNICIPALIDAD PROVINCIAL DEL CUSCO
Entidad que transcribió la catalogación BIBLIOTECA MUNICIPAL DEL CUSCO
082 ## - NÚMERO DE LA CLASIFICACIÓN DECIMAL DEWEY
No. de Clasificación 985.008 /
Notacion interna C73
No. de la edición 1971
110 ## - ENTRADA PRINCIPAL--NOMBRE DE ENTIDAD CORPORATIVA
Nombre de la institución, jurisdicción como entrada principal Comisión nacional del Sesquicentenario de la Independencia del Perú
9 (RLIN) 23195
245 ## - MENCIÓN DE TÍTULO
Título Memorias diarios y crónicas /
Mención de responsabilidad Recopilación y prólogo de Felix Denegri Luna
260 ## - PUBLICACIÓN, DISTRIBUCIÓN, ETC.
Lugar de publicación, distribución, etc. Lima :
Nombre de la editorial, distribuidor, etc. Comisión nacional del Sesquicentenario de la Independencia del Perú,
Fecha de publicación, distribución, etc. 1971.
300 ## - DESCRIPCIÓN FÍSICA
Nº de Páginas Extensión 4 volúmenes ;
Dimensiones 24 cm.
440 ## - MENCIÓN DE SERIE/PUNTO DE ACCESO ADICIONAL--TÍTULO
Título Colección documental de la independencia del Perú.
9 (RLIN) 21856
650 ## - PUNTO DE ACCESO ADICIONAL DE MATERIA--TÉRMINO DE MATERIA
Descriptor Perú colecciones
9 (RLIN) 21842
650 ## - PUNTO DE ACCESO ADICIONAL DE MATERIA--TÉRMINO DE MATERIA
Descriptor Independencia peruana
9 (RLIN) 23196
650 ## - PUNTO DE ACCESO ADICIONAL DE MATERIA--TÉRMINO DE MATERIA
Descriptor Emancipación peruana
9 (RLIN) 15981
650 ## - PUNTO DE ACCESO ADICIONAL DE MATERIA--TÉRMINO DE MATERIA
Descriptor Fuentes históricas
9 (RLIN) 5903
650 ## - PUNTO DE ACCESO ADICIONAL DE MATERIA--TÉRMINO DE MATERIA
Descriptor Fuentes escritas
9 (RLIN) 2045
650 ## - PUNTO DE ACCESO ADICIONAL DE MATERIA--TÉRMINO DE MATERIA
Descriptor Historia del Perú
9 (RLIN) 259
700 ## - PUNTO DE ACCESO ADICIONAL--NOMBRE DE PERSONA
Nombre Personal Dengri Luna, Felix
9 (RLIN) 23331
942 ## - ELEMENTOS DE PUNTO DE ACCESO ADICIONAL (KOHA)
Fuente de clasificación
Tipo de item Libros-BMC
945 ## - PROCESAMIENTO DE INFORMACIÓN LOCAL (OCLC)
Catalogador rac
Holdings
Estado de retiro (separado) Fuente de clasificación o esquema de estanterías Estado dañado Ubicación Sala donde se ubica Nombre de la colección Fecha de adquisición o compra Costo, precio normal en soles Signatura topográfica Código de Barras Última vez visto (Koha) Tipo de ítem (Koha)
No     Sala Humanidades Sala Humanidades Reference 2019-03-22 40.00 985.008 / C73/t.26/v.1 SH0000008810 2019-03-22 Libros-BMC
No     Sala Humanidades Sala Humanidades Reference 2019-03-22 40.00 985.008 / C73/t.26/v.1/e.2 SH0000008811 2019-03-22 Libros-BMC
No     Sala Humanidades Sala Humanidades Reference 2019-03-22 40.00 985.008 / C73/t.26/v.1/e.3 SH0000008812 2019-03-22 Libros-BMC
No     Sala Humanidades Sala Humanidades Reference 2019-03-22 40.00 985.008 / C73/t.26/v.2 SH0000008813 2019-03-22 Libros-BMC
No     Sala Humanidades Sala Humanidades Reference 2019-03-22 40.00 985.008 / C73/t.26/v.2/e.2 SH0000008814 2019-03-22 Libros-BMC
No     Sala Humanidades Sala Humanidades Reference 2019-03-22 40.00 985.008 / C73/t.26/v.2/e.3 SH0000008815 2019-03-22 Libros-BMC
No     Sala Humanidades Sala Humanidades Reference 2019-03-22 40.00 985.008 / C73/t.26/v.3 SH0000008816 2019-03-22 Libros-BMC
No     Sala Humanidades Sala Humanidades Reference 2019-03-22 40.00 985.008 / C73/t.26/v.3/e.2 SH0000008817 2019-03-22 Libros-BMC
No     Sala Humanidades Sala Humanidades Reference 2019-03-22 40.00 985.008 / C73/t.26/v.3/e.3 SH0000008818 2019-03-22 Libros-BMC
No     Sala Humanidades Sala Humanidades Reference 2019-03-22 40.00 985.008 / C73/t.26/v.4 SH0000008819 2019-03-22 Libros-BMC
No     Sala Humanidades Sala Humanidades Reference 2019-03-22 40.00 985.008 / C73/t.26/v.4/e.2 SH0000008820 2019-03-22 Libros-BMC
No     Sala Humanidades Sala Humanidades Reference 2019-03-22 40.00 985.008 / C73/t.26/v.4/e.3 SH0000008821 2019-03-22 Libros-BMC

Powered by Koha